[Event "DAGIJ"]
[Site "SchemingMind.com"]
[Date "2018.08.25"]
[Round "-"]
[White "flyinduck"]
[Black "Johnny Owens"]
[Result "0-1"]
[WhiteCountry "CAN"]
[BlackCountry "USA"]
[WhiteElo "2000"]
[WhiteRD "65"]
[BlackElo "2403"]
[BlackRD "70"]
[GameID "431820"]

1. d4 e6 2. e4 d5 3. Nc3 dxe4 4. Nxe4 Nd7 5. Nf3 Ngf6 6. Nxf6+ Nxf6 7. Bd3 c5 8. dxc5 Bxc5 9. O-O O-O 10. Bg5 b6
11. Ne5 Bb7 12. Qe2 Qd5 13. Nf3 h6 14. Bxf6 gxf6 15. Rad1 Kg7 16. c4 Qc6 17. Nh4 Rg8 18. Kh1 f5 19. f3 Qc7 20. Qe1 Be7
21. Qg3+ Qxg3 22. hxg3 Bf6 23. b3 Kf8 24. Kh2 f4 25. Be4 Rb8 26. Rd7 Bc8 27. Rd8+ Bxd8
0-1